| 000 | 00828nam a22002297a 4500 | ||
|---|---|---|---|
| 005 | 20180227152831.0 | ||
| 010 | _aB-459445-454 | ||
| 020 |
_a9788189738273 _c1500.00 |
||
| 035 | _aB-459445-454 | ||
| 035 | _aB-689648 | ||
| 037 |
_adpl _bAllied Pub/Ven |
||
| 037 |
_aNiyogi _bdpl |
||
| 082 | _a728.81095416 | ||
| 100 | _aBatra, N.L. | ||
| 245 |
_aDilli,s Red Fort / _cby N.L. Batra |
||
| 260 |
_aNew Delhi _bNiyogi Books _c2010 |
||
| 270 |
_aD-78 Okhla Industrial Area Phase-1 _bNew Delhi _e110020 |
||
| 300 |
_a175p _c29cm(Hb) _bCol.ill |
||
| 942 |
_2ddc _cEN _mBAT _h728.81095416 |
||
| 999 |
_c66352 _d66352 |
||